[Event "XLII Festival A"]
[Site "Imperia ITA"]
[Date "2000.09.03"]
[Round "1"]
[White "Zlochevskij, Alexander"]
[Black "Van Hoolandt, Patrick"]
[WhiteElo "2450"]
[BlackElo "2169"]
[Result "1-0"]
[PlyCount "85"]
[EventDate "2000.09.03"]

1. d4 Nf6 2. Bg5 e6 3. e4 h6 4. Bxf6 Qxf6 5. Nc3 Bb4 6. Qd2 Nc6 7. e5 Qe7 8.
Nf3 b6 9. a3 Bxc3 10. Qxc3 Bb7 11. Bb5 O-O-O 12. O-O f6 13. Rfe1 fxe5 14. Nxe5
Nxe5 15. Rxe5 Rhf8 16. a4 a5 17. Qe3 Rf7 18. Re1 Qf6 19. Bd3 Rdf8 20. f3 Qf4
21. Qf2 Qg4 22. h3 Qf4 23. c3 g5 24. Bg6 Rg7 25. Be4 Bxe4 26. R5xe4 Qd6 27. Qe2
Kb7 28. Rd1 Qc6 29. Qb5 Rf5 30. Qxc6+ Kxc6 31. Rde1 Rgf7 32. Re5 Kd6 33. Kf2
Rf8 34. Kg3 R8f7 35. h4 Rg7 36. Rxf5 exf5 37. Re5 Rf7 38. hxg5 hxg5 39. f4 g4
40. Kh4 Rh7+ 41. Kg5 c5 42. dxc5+ bxc5 43. Kxf5 1-0

[Event "XLII Festival A"]
[Site "Imperia ITA"]
[Date "2000.09.04"]
[Round "2"]
[White "Bellia, Fabrizio"]
[Black "Jacob, Volker"]
[WhiteElo "2374"]
[BlackElo "2267"]
[Result "1/2-1/2"]
[PlyCount "70"]
[EventDate "2000.09.03"]

1. e4 e5 2. Nf3 Nc6 3. d4 exd4 4. Nxd4 Nf6 5. Nc3 Bb4 6. Nxc6 bxc6 7. Bd3 O-O
8. O-O d5 9. exd5 cxd5 10. Bg5 c6 11. Qf3 Be7 12. Rfe1 h6 13. Bh4 Re8 14. h3
Be6 15. Ne2 Nd7 16. Bxe7 Qxe7 17. Nd4 Qd6 18. c3 Nf6 19. b4 a5 20. bxa5 Rxa5
21. Nf5 Qd8 22. Qf4 Bxf5 23. Rxe8+ Qxe8 24. Bxf5 g5 25. Qd6 Kg7 26. a4 d4 27.
Bc2 dxc3 28. Qd4 Qe5 29. Qxe5 Rxe5 30. a5 Re7 31. Ba4 Ra7 32. Bxc6 c2 33. Rc1
Rxa5 34. Rxc2 Re5 35. g3 Kg6 1/2-1/2

[Event "XLII Festival A"]
[Site "Imperia ITA"]
[Date "2000.09.04"]
[Round "2"]
[White "Benes, Petr"]
[Black "Babula, Milan"]
[WhiteElo "2171"]
[BlackElo "2362"]
[Result "0-1"]
[PlyCount "68"]
[EventDate "2000.09.03"]

1. d4 Nf6 2. Nf3 g6 3. c4 Bg7 4. Nc3 O-O 5. Bg5 h6 6. Bh4 c5 7. e3 Na6 8. Be2
d6 9. h3 b6 10. Bg3 Nc7 11. Bh2 Bb7 12. O-O Ne4 13. Qc2 Nxc3 14. bxc3 Qd7 15.
a4 cxd4 16. cxd4 Rfe8 17. Qa2 a5 18. Rab1 Na6 19. Rfc1 Nb4 20. Qa3 Be4 21. Rb2
Ra7 22. Nd2 Bc6 23. Bd1 e5 24. dxe5 dxe5 25. Nf3 Bxf3 26. Bxf3 Qe6 27. Be2 Rd7
28. Rbb1 Red8 29. c5 Rd2 30. Kf1 bxc5 31. Rxc5 Ra2 32. Qc3 Rdd2 33. Bc4 Qf5 34.
Rc8+ Kh7 0-1

[Event "XLII Festival A"]
[Site "Imperia ITA"]
[Date "2000.09.04"]
[Round "2"]
[White "Biolek, Richard sr"]
[Black "Astengo, Marcello"]
[WhiteElo "2420"]
[BlackElo "2060"]
[Result "1-0"]
[PlyCount "53"]
[EventDate "2000.09.03"]

1. c4 e6 2. Nf3 d5 3. g3 c6 4. b3 Nd7 5. Bg2 Ngf6 6. O-O Bd6 7. Bb2 O-O 8. d4
Ne4 9. Qc2 Qc7 10. Nc3 f5 11. e3 Ndf6 12. Nd2 Bd7 13. Rac1 Rac8 14. f3 Nxg3 15.
hxg3 Bxg3 16. Ne2 Bh4 17. f4 Ng4 18. Qd3 Qd8 19. Nf3 Be7 20. Bh3 Rf6 21. Bxg4
fxg4 22. Ne5 Rh6 23. Kg2 Be8 24. Rh1 Bg6 25. Nxg6 Rxg6 26. Rh5 Bd6 27. Rch1 1-0

[Event "XLII Festival A"]
[Site "Imperia ITA"]
[Date "2000.09.04"]
[Round "2"]
[White "Bratanov, Zsivko"]
[Black "Lukes, Ladislav"]
[WhiteElo "2400"]
[BlackElo "2122"]
[Result "1-0"]
[PlyCount "111"]
[EventDate "2000.09.03"]

1. e4 Nf6 2. e5 Nd5 3. d4 d6 4. Nf3 Bg4 5. Be2 Bxf3 6. Bxf3 c6 7. c4 Nb6 8. e6
fxe6 9. Qe2 e5 10. dxe5 dxe5 11. O-O N8d7 12. Nc3 Nf6 13. b3 Nbd7 14. Bb2 Qc7
15. Ne4 Nxe4 16. Qxe4 e6 17. Rad1 O-O-O 18. Bg4 Re8 19. Qe3 h5 20. Be2 a6 21.
a3 Be7 22. b4 Bf6 23. Qe4 h4 24. Bg4 h3 25. Bxh3 Nf8 26. Bg4 Rh6 27. Bc1 g5 28.
c5 Qh7 29. Qxh7 Rxh7 30. Rd6 Be7 31. Rd3 Rd8 32. Re3 Bf6 33. Bb2 Rh4 34. h3 Rd5
35. Rfe1 Rxg4 36. hxg4 Ng6 37. g3 Kd7 38. Kg2 Ke7 39. Bc1 Kf7 40. Kf3 Rd4 41.
Re4 Rd3+ 42. Ke2 Rd4 43. f3 Rd8 44. Rh1 Nf8 45. Be3 Kg6 46. a4 Rd5 47. Rb1 Nd7
48. f4 exf4 49. gxf4 gxf4 50. Bxf4 e5 51. Be3 Bg5 52. Bxg5 Kxg5 53. Rd1 Kf6 54.
Rc4 Kg5 55. Rxd5 cxd5 56. c6 1-0

[Event "XLII Festival A"]
[Site "Imperia ITA"]
[Date "2000.09.04"]
[Round "2"]
[White "Delanoy, Arnaud"]
[Black "Krouzel, Jaroslav"]
[WhiteElo "2120"]
[BlackElo "2293"]
[Result "1-0"]
[PlyCount "93"]
[EventDate "2000.09.03"]

1. e4 e6 2. d4 d5 3. Nc3 Bb4 4. exd5 exd5 5. Bd3 Ne7 6. Nge2 Nbc6 7. O-O O-O 8.
a3 Bxc3 9. bxc3 Bf5 10. Ng3 Bg6 11. Rb1 b6 12. h4 Qd6 13. h5 Bxd3 14. cxd3 f5
15. Qf3 Rf7 16. Ne2 Raf8 17. Bf4 Qd7 18. Qg3 Nc8 19. Rfe1 Re7 20. Kf1 Qe8 21.
Bg5 Re6 22. Nf4 Rxe1+ 23. Rxe1 Qd7 24. Qe3 h6 25. Bh4 Nd6 26. Qe6+ Qxe6 27.
Rxe6 Kf7 28. Re2 Rc8 29. Nxd5 Ne8 30. Ne7 Nxe7 31. Rxe7+ Kf8 32. c4 Kg8 33. Re5
f4 34. Be7 Nd6 35. Bxd6 cxd6 36. Rf5 Rd8 37. Rxf4 d5 38. cxd5 Rxd5 39. Re4 Rd8
40. Ke1 b5 41. Re7 a5 42. Kd2 b4 43. axb4 axb4 44. Kc2 Rb8 45. Kb3 Rb5 46. g4
Rb6 47. f4 1-0

[Event "XLII Festival A"]
[Site "Imperia ITA"]
[Date "2000.09.04"]
[Round "2"]
[White "Di Paolo, Raffaele"]
[Black "Egartner, Wolfgang"]
[WhiteElo "2295"]
[BlackElo "2166"]
[Result "1-0"]
[PlyCount "63"]
[EventDate "2000.09.03"]

1. e4 c5 2. Nf3 e6 3. d4 cxd4 4. Nxd4 Qb6 5. Nb3 Qc7 6. Bd3 Nf6 7. O-O b6 8.
Nc3 a6 9. f4 Bb7 10. Qe1 Be7 11. Qg3 O-O 12. Qh3 e5 13. fxe5 Qxe5 14. Rf5 Qe6
15. e5 Nd5 16. Ne4 g6 17. Nd4 gxf5 18. Nxe6 fxe6 19. Ng5 Bxg5 20. Bxg5 Rf7 21.
c4 Nb4 22. Bf6 Nxd3 23. Qxd3 d5 24. Qg3+ Kf8 25. Qa3+ Kg8 26. Qd6 Nd7 27. Qxe6
dxc4 28. Rd1 Nxf6 29. exf6 Raf8 30. Qxc4 b5 31. Qb3 Kh8 32. Qxf7 1-0

[Event "XLII Festival A"]
[Site "Imperia ITA"]
[Date "2000.09.04"]
[Round "2"]
[White "Frank, Albert"]
[Black "Basciu, Simone"]
[WhiteElo "2014"]
[BlackElo "2147"]
[Result "1/2-1/2"]
[PlyCount "56"]
[EventDate "2000.09.03"]

1. d4 Nf6 2. c4 e6 3. g3 Bb4+ 4. Bd2 Qe7 5. Bg2 O-O 6. Nf3 Ne4 7. O-O Nxd2 8.
Nbxd2 c6 9. e4 Bxd2 10. Nxd2 e5 11. d5 d6 12. Rc1 c5 13. Rc3 a6 14. f4 Nd7 15.
Bh3 b5 16. Re1 b4 17. Rce3 a5 18. a4 Nb6 19. Bxc8 Raxc8 20. b3 Nd7 21. Nf3 Rce8
22. f5 g6 23. Nh4 Nf6 24. Rf1 Kg7 25. Ng2 Rh8 26. g4 g5 27. h4 h6 28. h5 Rb8
1/2-1/2

[Event "XLII Festival A"]
[Site "Imperia ITA"]
[Date "2000.09.04"]
[Round "2"]
[White "Giuberchio, Cesare"]
[Black "Massa, Giovanni"]
[WhiteElo "1906"]
[BlackElo "2132"]
[Result "1-0"]
[PlyCount "45"]
[EventDate "2000.09.03"]

1. e4 c5 2. Nf3 e6 3. d4 cxd4 4. Nxd4 Nf6 5. Nc3 d6 6. Bc4 a6 7. Qe2 Be7 8. Bb3
Qc7 9. g4 Nc6 10. Be3 Nxd4 11. Bxd4 e5 12. Be3 Bxg4 13. f3 Be6 14. O-O-O O-O
15. Rhg1 Kh8 16. Qg2 Rg8 17. Bxe6 fxe6 18. Qh3 Qc4 19. Rd3 b5 20. b3 Qc8 21.
Bg5 Ra7 22. f4 exf4 23. Bxf6 1-0

[Event "XLII Festival A"]
[Site "Imperia ITA"]
[Date "2000.09.04"]
[Round "2"]
[White "Giuliano, Arturo"]
[Black "Payen, Arnaud"]
[WhiteElo "1968"]
[BlackElo "2354"]
[Result "0-1"]
[PlyCount "80"]
[EventDate "2000.09.03"]

1. e4 c5 2. Nf3 Nc6 3. d4 cxd4 4. Nxd4 Qb6 5. Nb3 Nf6 6. Bd3 e6 7. Be3 Qc7 8.
Nc3 Bb4 9. O-O Bxc3 10. bxc3 d5 11. exd5 Nxd5 12. c4 Nxe3 13. fxe3 O-O 14. Qh5
f5 15. g4 g6 16. Qh3 Ne5 17. Qg3 Qg7 18. Be2 Bd7 19. Nd4 Rac8 20. Rab1 b6 21.
gxf5 gxf5 22. Qxg7+ Kxg7 23. Rfd1 Kf6 24. h3 Rg8+ 25. Kh2 Nxc4 26. Rb3 Ne5 27.
Rg1 Rg6 28. Ra3 Rc7 29. Rf1 Bc6 30. Rf2 Be4 31. Bd3 Rh6 32. Bxe4 Ng4+ 33. Kg3
Nxf2 34. Bxf5 exf5 35. Kxf2 Rxh3 36. Ke2 f4 37. Rd3 Rxe3+ 38. Rxe3 fxe3 39.
Kxe3 Rc3+ 40. Kd2 Ra3 0-1

[Event "XLII Festival A"]
[Site "Imperia ITA"]
[Date "2000.09.04"]
[Round "2"]
[White "Gross, Stefan"]
[Black "Kljako, Damir"]
[WhiteElo "2357"]
[BlackElo "2258"]
[Result "1/2-1/2"]
[PlyCount "190"]
[EventDate "2000.09.03"]

1. Nf3 g6 2. d4 Bg7 3. c4 c5 4. e4 d6 5. Be2 Nf6 6. Nc3 O-O 7. O-O cxd4 8. Nxd4
Nbd7 9. Be3 a6 10. f3 Ne5 11. Qd2 Be6 12. b3 Rc8 13. Rac1 Re8 14. Nd5 Bxd5 15.
cxd5 e6 16. dxe6 fxe6 17. Rxc8 Qxc8 18. Rc1 Qd7 19. Bf1 d5 20. exd5 Nxd5 21.
Bf2 Nf7 22. Rd1 Bh6 23. Qe1 Nd6 24. Bc4 b5 25. Bxd5 exd5 26. Qa5 Qb7 27. Re1
Kf7 28. Rxe8 Nxe8 29. Qd8 Bg7 30. Qh4 Qc7 31. g3 h5 32. Qg5 Qe5 33. Qc1 Qc7 34.
Qd2 Nf6 35. Qe1 Qd7 36. Qc3 Ne8 37. Qc5 Be5 38. Nc6 Bf6 39. Kg2 Qd6 40. Qa7+
Nc7 41. Qb7 Kg8 42. Qc8+ Kf7 43. Qb7 Kg8 44. Qb8+ Kf7 45. Nd4 Be5 46. Qb7 Kg8
47. f4 Bf6 48. Qc6 Be7 49. Kf3 Kf7 50. h3 Ne6 51. Qxd6 Nxd4+ 52. Bxd4 Bxd6 53.
g4 hxg4+ 54. hxg4 Ke6 55. Be3 Be7 56. Ke2 Bf6 57. Kd3 Bd8 58. Kc2 Bc7 59. Kc3
Ba5+ 60. Kd3 Bc7 61. Ke2 Bd6 62. Kf3 Bc7 63. Bf2 Bd8 64. Bg3 Bb6 65. Bh4 Bc5
66. Bg3 Bf8 67. Bf2 Kd7 68. Bb6 Ke6 69. Be3 Bd6 70. Kg3 Be7 71. Kh3 Bd8 72. Bc5
Bc7 73. Kg3 Bd8 74. Kf3 Bc7 75. Ke3 Bb8 76. Bb4 Ba7+ 77. Kd3 Bb6 78. a4 Bf2 79.
axb5 axb5 80. Bd2 Bb6 81. Be3 Ba5 82. Bc1 Bb6 83. Bd2 Bc7 84. Be3 Ba5 85. Bf2
Bc7 86. Bg3 Bb6 87. Bh4 Bc5 88. Bg5 Bb6 89. Bh6 Bc5 90. Bg7 Bb6 91. Be5 Ba5 92.
Bb8 Bb6 93. Kc3 Ba5+ 94. Kd3 Bb6 95. Be5 Ba5 1/2-1/2

[Event "XLII Festival A"]
[Site "Imperia ITA"]
[Date "2000.09.04"]
[Round "2"]
[White "Hocevar, Nikola"]
[Black "Pienabarca, Nicola"]
[WhiteElo "2167"]
[BlackElo "2030"]
[Result "0-1"]
[PlyCount "118"]
[EventDate "2000.09.03"]

1. c4 Nf6 2. Nc3 c5 3. Nf3 Nc6 4. d4 cxd4 5. Nxd4 Nxd4 6. Qxd4 g6 7. e4 d6 8.
Be2 Bg7 9. O-O O-O 10. Bd2 Be6 11. Qd3 Ng4 12. b3 Ne5 13. Qg3 Nc6 14. Kh1 f5
15. Rac1 Qa5 16. exf5 Bxf5 17. a4 Nd4 18. Bd1 Bd7 19. Qe3 Nf5 20. Qd3 Qe5 21.
Qd5+ Qxd5 22. Nxd5 e6 23. Nc3 Bc6 24. Ne2 d5 25. Kg1 d4 26. Nf4 Rfe8 27. Nd3 e5
28. Nb4 e4 29. Nxc6 bxc6 30. Re1 Rad8 31. Bg4 h5 32. Bxf5 gxf5 33. Bf4 Be5 34.
Bxe5 Rxe5 35. Kf1 d3 36. Rc3 Kf7 37. g3 a5 38. Rd1 Re7 39. Rd2 Kf6 40. Ke1 Ke5
41. c5 h4 42. Rb2 Rb7 43. Kd2 hxg3 44. hxg3 Rh8 45. Rc4 f4 46. gxf4+ Kxf4 47.
Kc3 Kf3 48. b4 axb4+ 49. Kb3 Rd8 50. Rd2 e3 51. fxe3 Kxe3 52. Rd1 d2 53. Rh4
Ke2 54. Rhh1 Rd3+ 55. Kc4 Rc3+ 56. Kd4 Rd7+ 57. Ke4 Rc4+ 58. Ke5 Rd5+ 59. Ke6
Rdxc5 0-1

[Event "XLII Festival A"]
[Site "Imperia ITA"]
[Date "2000.09.04"]
[Round "2"]
[White "Jurek, Josef"]
[Black "Mlynek, Petr"]
[WhiteElo "2329"]
[BlackElo "2200"]
[Result "1-0"]
[PlyCount "78"]
[EventDate "2000.09.03"]

1. d4 d5 2. c4 c6 3. Nf3 e6 4. Qc2 Bd6 5. g3 f5 6. Bf4 Bxf4 7. gxf4 Nf6 8. e3
Ne4 9. Bd3 Nd7 10. Nc3 Qa5 11. Rc1 O-O 12. Ke2 b6 13. Ne5 Nxe5 14. fxe5 Bb7 15.
f3 Nxc3+ 16. Qxc3 Qxc3 17. Rxc3 f4 18. cxd5 exd5 19. Rg1 fxe3 20. Kxe3 c5 21.
Rg4 Bc8 22. Rf4 Rxf4 23. Kxf4 cxd4 24. Rc7 Be6 25. Kg3 g6 26. Kf2 Rf8 27. Rxa7
Bg4 28. Be2 Bf5 29. Bd1 Re8 30. f4 Rc8 31. Ra4 d3 32. Ke3 Rc4 33. Bb3 Re4+ 34.
Rxe4 Bxe4 35. Ba4 Kf7 36. h4 Ke6 37. Bb5 d2 38. Kxd2 Kf5 39. Ke3 Kg4 1-0

[Event "XLII Festival A"]
[Site "Imperia ITA"]
[Date "2000.09.04"]
[Round "2"]
[White "Lo Curto, Emanuele"]
[Black "Raviola, Giuseppe"]
[WhiteElo "2132"]
[BlackElo "1909"]
[Result "1/2-1/2"]
[PlyCount "119"]
[EventDate "2000.09.03"]

1. e4 c5 2. Nf3 Nc6 3. d4 cxd4 4. Nxd4 d6 5. Nc3 Nf6 6. Be3 a6 7. Be2 e5 8. Nb3
Be6 9. Qd2 Qc7 10. O-O Be7 11. Bg5 Rd8 12. Bxf6 Bxf6 13. Nd5 Bxd5 14. exd5 Nd4
15. c3 Nxb3 16. axb3 h6 17. b4 O-O 18. Bd3 Bg5 19. Qc2 Qe7 20. Rae1 Qc7 21. g3
h5 22. h4 Bh6 23. Qe2 g6 24. f4 exf4 25. gxf4 Qd7 26. f5 Rde8 27. Qg2 Be3+ 28.
Kh1 Qe7 29. f6 Qd7 30. Bxg6 fxg6 31. Qxg6+ Kh8 32. Rf5 Re5 33. Qxh5+ Kg8 34.
Qg4+ Kf7 35. Qg7+ Ke8 36. Rxe5+ dxe5 37. Qxd7+ Kxd7 38. Rxe3 Kd6 39. c4 Rxf6
40. b3 b5 41. Rd3 Rf4 42. c5+ Kd7 43. Rh3 e4 44. Kg2 e3 45. Rxe3 Rxh4 46. Kf3
Rxb4 47. Ke2 Rh4 48. Kd3 a5 49. Rg3 Rh5 50. Kd4 Rh4+ 51. Kc3 Rh5 52. Rd3 Rh4
53. Re3 a4 54. d6 b4+ 55. Kd3 Kc6 56. d7 Kxd7 57. bxa4 Kc6 58. Re5 b3 59. Kc3
Rxa4 60. Kxb3 1/2-1/2

[Event "XLII Festival A"]
[Site "Imperia ITA"]
[Date "2000.09.04"]
[Round "2"]
[White "Luciani, Carlo"]
[Black "Zlochevskij, Alexander"]
[WhiteElo "2225"]
[BlackElo "2450"]
[Result "0-1"]
[PlyCount "92"]
[EventDate "2000.09.03"]

1. e4 c6 2. d4 d5 3. e5 Bf5 4. Nf3 e6 5. Be2 Ne7 6. O-O h6 7. b3 c5 8. Ba3 Nec6
9. dxc5 Nd7 10. Bb5 Bg4 11. Qe2 Nd4 12. Bxd7+ Kxd7 13. Qd2 Nxf3+ 14. gxf3 Bxf3
15. Qf4 Qg5+ 16. Qxg5 hxg5 17. Nd2 g4 18. c4 Rh3 19. Rfc1 Be7 20. Rc3 Bg5 21.
Bc1 Rah8 22. Nf1 Be7 23. b4 f6 24. Bb2 d4 25. Ra3 fxe5 26. Rxa7 Kc7 27. Re1 Bf6
28. Bc1 g5 29. b5 Kb8 30. Ra3 e4 31. Rxf3 Rxf3 32. Rxe4 e5 33. Rxg4 Rc3 34.
Bxg5 Bxg5 35. Rxg5 Rd8 36. Rxe5 Rxc4 37. Re2 Rxc5 38. a4 d3 39. Rd2 Rc2 40. Kg2
Rxd2 41. Nxd2 Kc7 42. Kf3 Kb6 43. Ke3 Ka5 44. f4 Kxa4 45. b6 Kb5 46. Ne4 Kc4
0-1

[Event "XLII Festival A"]
[Site "Imperia ITA"]
[Date "2000.09.04"]
[Round "2"]
[White "Machalek, Bedrich"]
[Black "Wurm, Christoph"]
[WhiteElo "2055"]
[BlackElo "2156"]
[Result "1-0"]
[PlyCount "53"]
[EventDate "2000.09.03"]

1. e4 c5 2. c3 Nf6 3. e5 Nd5 4. Bc4 Qc7 5. Nf3 Nb6 6. Bb3 c4 7. Bc2 Nc6 8. Qe2
g6 9. O-O Bg7 10. Re1 O-O 11. Na3 Nd8 12. Nb5 Qb8 13. a4 a6 14. Na3 Nc6 15. b4
cxb3 16. Bxb3 Na5 17. Bc2 Qc7 18. d4 d6 19. h3 Bd7 20. Nb1 Rac8 21. Ng5 dxe5
22. dxe5 f6 23. Nxh7 Kxh7 24. Qh5+ Kg8 25. Bxg6 Rfd8 26. Qh7+ Kf8 27. Bh6 1-0

[Event "XLII Festival A"]
[Site "Imperia ITA"]
[Date "2000.09.04"]
[Round "2"]
[White "Malano, Francesco"]
[Black "Dinser, Hans"]
[WhiteElo "2028"]
[BlackElo "2132"]
[Result "1/2-1/2"]
[PlyCount "69"]
[EventDate "2000.09.03"]

1. Nf3 d5 2. b3 Nf6 3. Bb2 g6 4. g3 Bg7 5. Bg2 c6 6. O-O O-O 7. d3 Re8 8. Nbd2
Nbd7 9. e4 e5 10. Qe2 d4 11. c4 c5 12. Ne1 Qc7 13. Nc2 Nf8 14. b4 b6 15. b5 Bd7
16. a4 a5 17. Rae1 Rad8 18. Nb3 Bg4 19. f3 Be6 20. Qd2 Qc8 21. Nc1 Bh3 22. Ne2
Bxg2 23. Kxg2 Nh5 24. Bc1 Ne6 25. Qd1 Rf8 26. Ng1 f5 27. Nh3 f4 28. g4 Nf6 29.
Nf2 h6 30. Rh1 Nh7 31. Kf1 Rd7 32. Ke2 Qd8 33. Reg1 Bf6 34. Qf1 Bh4 35. Bd2
1/2-1/2

[Event "XLII Festival A"]
[Site "Imperia ITA"]
[Date "2000.09.04"]
[Round "2"]
[White "Melich, Jindrich"]
[Black "Pedemonte, Claudio"]
[WhiteElo "2150"]
[BlackElo "2013"]
[Result "1-0"]
[PlyCount "125"]
[EventDate "2000.09.03"]

1. b4 e5 2. Bb2 d6 3. c4 Nf6 4. e3 g6 5. Nf3 Bg7 6. Be2 O-O 7. d4 e4 8. Nfd2
Re8 9. Nc3 Bf5 10. g4 Bd7 11. g5 Nh5 12. Ndxe4 Bf5 13. Bf3 c6 14. O-O Qc7 15.
Qb3 Nd7 16. Bg2 a6 17. a4 Kh8 18. Rfe1 Nf8 19. f4 Qd7 20. Nf2 Qc7 21. Ne2 Rad8
22. Ng3 Nxg3 23. hxg3 Bc8 24. e4 Ne6 25. Rad1 Qb6 26. c5 dxc5 27. dxc5 Qc7 28.
Bxg7+ Nxg7 29. Rxd8 Rxd8 30. Rd1 Be6 31. Rxd8+ Qxd8 32. Qd3 Qc8 33. Qd4 Kg8 34.
Nd3 Nh5 35. Kf2 Bh3 36. Bf3 Bg4 37. Bh1 Bd1 38. Ne5 Bxa4 39. Bg2 Qe6 40. Qc4
Qxc4 41. Nxc4 Ng7 42. Bh3 Ne6 43. Bxe6 fxe6 44. Na5 Kf8 45. Ke3 Ke7 46. Kd4 Bc2
47. Nxb7 Kd7 48. Ke5 Ke7 49. Na5 Ba4 50. Nc4 Bb5 51. Ne3 Be2 52. Nc2 Bc4 53.
Nd4 Kd7 54. Kf6 Ba2 55. e5 Bd5 56. Kg7 Ke7 57. Nc2 Be4 58. Ne3 Bf3 59. Nc4 Bd5
60. Nd6 Bb3 61. Kxh7 Bc2 62. Kg7 Bd3 63. Nf7 1-0

[Event "XLII Festival A"]
[Site "Imperia ITA"]
[Date "2000.09.04"]
[Round "2"]
[White "Papan, Cyril"]
[Black "Stoppa, Omar"]
[WhiteElo "2208"]
[BlackElo "2195"]
[Result "1-0"]
[PlyCount "80"]
[EventDate "2000.09.03"]

1. d4 d5 2. c4 e5 3. dxe5 d4 4. Nf3 c5 5. g3 Nc6 6. Bg2 Be6 7. Na3 h6 8. h4 a6
9. Bf4 Rb8 10. Nd2 Qd7 11. Ne4 b5 12. b3 Qc7 13. Kf1 Nxe5 14. b4 bxc4 15. Qa4+
Bd7 16. Qxa6 Rxb4 17. Nxc4 Rxc4 18. Bxe5 Qxe5 19. Qxc4 f5 20. f4 Qc7 21. Nf2
Nf6 22. Rb1 Bd6 23. Bf3 Ke7 24. Rb7 Qa5 25. Kg2 Ra8 26. Ra1 Ra7 27. Rxa7 Qxa7
28. a4 Be6 29. Qb5 c4 30. a5 c3 31. a6 Nd7 32. Qb7 Bb8 33. Nd3 Bc4 34. Nb4 Qxb7
35. Bxb7 Bb5 36. a7 Bxa7 37. Rxa7 Bxe2 38. Nc6+ Kd6 39. Nxd4 Bd3 40. Nb3 Nb6
1-0

[Event "XLII Festival A"]
[Site "Imperia ITA"]
[Date "2000.09.04"]
[Round "2"]
[White "Poloch, Petr"]
[Black "Capuano, Ruggiero"]
[WhiteElo "2323"]
[BlackElo "2170"]
[Result "1-0"]
[PlyCount "53"]
[EventDate "2000.09.03"]

1. e4 c5 2. Nf3 d6 3. c3 Nf6 4. Be2 Nc6 5. d4 cxd4 6. cxd4 e6 7. Nc3 Be7 8. O-O
O-O 9. d5 exd5 10. exd5 Ne5 11. Nd4 Re8 12. Be3 Bd7 13. a4 Bf8 14. h3 Rc8 15.
Qb3 Qc7 16. Ndb5 Qa5 17. Nxa7 Rxc3 18. Qxc3 Qxc3 19. bxc3 Nxd5 20. Bd4 Nc6 21.
Bf3 Nf4 22. Nxc6 Bxc6 23. Bxc6 bxc6 24. Rfe1 Ra8 25. Bb6 Nd5 26. a5 Nxc3 27.
Rac1 1-0

[Event "XLII Festival A"]
[Site "Imperia ITA"]
[Date "2000.09.04"]
[Round "2"]
[White "Popa, Claudiu"]
[Black "De Santis, Alessio"]
[WhiteElo "2127"]
[BlackElo "2309"]
[Result "0-1"]
[PlyCount "108"]
[EventDate "2000.09.03"]

1. e4 c5 2. c3 d6 3. d4 Nd7 4. Be3 Qc7 5. f3 g6 6. Na3 a6 7. Rc1 Bg7 8. Ne2
Ngf6 9. Nf4 b5 10. Be2 Bb7 11. O-O O-O 12. Qd2 e5 13. Nd3 Rfe8 14. d5 c4 15.
Nf2 Nc5 16. Bd1 Qa5 17. Ra1 Nfd7 18. Nc2 f5 19. exf5 gxf5 20. Bh6 f4 21. Bxg7
Kxg7 22. Ne4 Qb6 23. Kh1 Kh8 24. Ne1 Rg8 25. Bc2 Rg7 26. Rd1 Rag8 27. Qf2 Nxe4
28. Bxe4 Qd8 29. b3 cxb3 30. axb3 Nc5 31. Bc2 Qg5 32. c4 bxc4 33. bxc4 Bc8 34.
Rb1 Qh6 35. Rb6 Nd7 36. Rc6 Rg5 37. c5 Rh5 38. Qg1 Nxc5 39. Rc7 Bf5 40. Bxf5
Rxf5 41. Re7 Qf6 42. Rc7 a5 43. Rf2 e4 44. fxe4 Nxe4 45. Rf3 Ng3+ 46. hxg3 Rh5+
47. Qh2 Rxh2+ 48. Kxh2 fxg3+ 49. Kg1 Qd4+ 50. Kf1 Re8 51. Rff7 Qe4 52. Nc2 Qd3+
53. Kg1 Qd1+ 54. Rf1 Qh5 0-1

[Event "XLII Festival A"]
[Site "Imperia ITA"]
[Date "2000.09.04"]
[Round "2"]
[White "Sejkora, Vlastimil"]
[Black "Scarenzio, Renato"]
[WhiteElo "2264"]
[BlackElo "2024"]
[Result "1-0"]
[PlyCount "89"]
[EventDate "2000.09.03"]

1. e4 c6 2. d4 d5 3. e5 Bf5 4. Ne2 e6 5. Ng3 Ne7 6. Be2 Nd7 7. O-O Qb6 8. Nc3
Bg6 9. Na4 Qa5 10. b3 O-O-O 11. Bd2 Qc7 12. f4 h5 13. Nxh5 Nf5 14. c3 Ba3 15.
b4 Rh7 16. Rb1 Rdh8 17. g4 Nh6 18. Rb3 Nxg4 19. Bxg4 Bxh5 20. Bxh5 Rxh5 21. Rf2
b5 22. Nc5 Nxc5 23. dxc5 Bxb4 24. cxb4 g5 25. Rg3 gxf4 26. Bxf4 a5 27. Rg7 axb4
28. Bg3 Qd8 29. Rfxf7 Rg5 30. Qf3 Rxg7 31. Rxg7 Rg8 32. Ra7 Qg5 33. Ra8+ Kb7
34. Rxg8 Qxg8 35. Qf4 Qg6 36. Qxb4 Qc2 37. a3 Qd1+ 38. Qe1 Qd3 39. a4 bxa4 40.
Qb4+ Qb5 41. Be1 Qxb4 42. Bxb4 Ka6 43. h4 Kb5 44. Ba3 Kc4 45. h5 1-0

[Event "XLII Festival A"]
[Site "Imperia ITA"]
[Date "2000.09.04"]
[Round "2"]
[White "Semeria, Marco"]
[Black "Barlocco, Carlo"]
[WhiteElo "2063"]
[BlackElo "2179"]
[Result "0-1"]
[PlyCount "76"]
[EventDate "2000.09.03"]

1. e4 d5 2. exd5 Nf6 3. c4 e6 4. d4 exd5 5. Nc3 Bb4 6. Bd3 O-O 7. Nge2 dxc4 8.
Bxc4 Bf5 9. O-O Nbd7 10. Ng3 Bg6 11. Bg5 h6 12. Bh4 Nb6 13. Bb3 a5 14. Nce4 Be7
15. Nc5 Rb8 16. Re1 c6 17. Qe2 Qxd4 18. Qxe7 Qxh4 19. Nge4 a4 20. Nxf6+ gxf6
21. Bd1 Rfe8 22. Qxe8+ Rxe8 23. Rxe8+ Kg7 24. Bf3 Qd4 25. Ne4 Qxb2 26. Rd1 Nd5
27. Nd6 b5 28. Rc8 Nf4 29. Ne8+ Kh7 30. Rxc6 Ne6 31. g3 Nd4 32. Nxf6+ Kg7 33.
Ne8+ Kf8 34. Rc8 Nxf3+ 35. Kg2 Ke7 36. Nc7 Nd4 37. Nd5+ Ke6 38. Nf4+ Kf6 0-1

[Event "XLII Festival A"]
[Site "Imperia ITA"]
[Date "2000.09.04"]
[Round "2"]
[White "Spinelli, Doriano"]
[Black "Faraci, Antonino"]
[WhiteElo "2189"]
[BlackElo "2111"]
[Result "1-0"]
[PlyCount "81"]
[EventDate "2000.09.03"]

1. e4 c5 2. Nc3 d6 3. g3 Nc6 4. Bg2 Nf6 5. h3 g6 6. d3 Bg7 7. Be3 O-O 8. Nge2
Bd7 9. O-O Rb8 10. g4 b5 11. Ng3 b4 12. Nce2 Qc8 13. Qd2 Rd8 14. f4 Na5 15. f5
Nc6 16. Nf4 Ne8 17. c3 bxc3 18. bxc3 Qa6 19. Rac1 Qa3 20. Rc2 Ne5 21. Qf2 Ba4
22. Bc1 Bxc2 23. Bxa3 Bxd3 24. Nxd3 Nxd3 25. Qd2 c4 26. g5 Nc7 27. f6 exf6 28.
gxf6 Bf8 29. Qg5 Ne6 30. Qe3 Rb5 31. Ne2 Ra5 32. Bc1 Rxa2 33. Nd4 Re8 34. Nxe6
Rxe6 35. Qd4 d5 36. Qxd5 Rd6 37. Qxc4 Nxc1 38. Rxc1 Rdd2 39. Bf3 Bh6 40. Qc8+
Bf8 41. e5 1-0

[Event "XLII Festival A"]
[Site "Imperia ITA"]
[Date "2000.09.04"]
[Round "2"]
[White "Strazzeri, Marco"]
[Black "Colovic, Aleksandar"]
[WhiteElo "1756"]
[BlackElo "2397"]
[Result "1/2-1/2"]
[PlyCount "41"]
[EventDate "2000.09.03"]

1. e4 c5 2. c3 Nf6 3. e5 Nd5 4. d4 cxd4 5. cxd4 d6 6. h3 Nc6 7. Nf3 Bf5 8. Bc4
Ndb4 9. Na3 dxe5 10. d5 e4 11. Nh4 Bd7 12. dxc6 Nxc6 13. Qd5 e6 14. Qxe4 f5 15.
Nxf5 Qa5+ 16. Bd2 Qxf5 17. Qxf5 exf5 18. O-O O-O-O 19. Bc3 a6 20. Rac1 b5 21.
Bd5 1/2-1/2

[Event "XLII Festival A"]
[Site "Imperia ITA"]
[Date "2000.09.04"]
[Round "2"]
[White "Svacina, Petr"]
[Black "Schmitt, Thomas"]
[WhiteElo "2094"]
[BlackElo "2223"]
[Result "1/2-1/2"]
[PlyCount "84"]
[EventDate "2000.09.03"]

1. e4 e6 2. d4 d5 3. Nd2 Nf6 4. Bd3 c5 5. e5 Nfd7 6. c3 Nc6 7. Ngf3 Qb6 8. Qa4
Be7 9. O-O cxd4 10. cxd4 f6 11. exf6 Nxf6 12. Nb3 Bd7 13. Bb5 O-O 14. Bxc6 Bxc6
15. Qa5 Bd6 16. Qxb6 axb6 17. Re1 Rfe8 18. Be3 Bb5 19. Nbd2 Rec8 20. a3 Rc2 21.
Reb1 h6 22. Ne1 Rc7 23. Rc1 Rac8 24. Ndf3 Kf7 25. Rxc7+ Rxc7 26. Rc1 Nd7 27.
Rxc7 Bxc7 28. Nc2 Be2 29. Nd2 e5 30. dxe5 Nxe5 31. f3 Nc6 32. Nb3 Be5 33. Nbd4
Bd3 34. Nb4 Nxb4 35. axb4 Bd6 36. Bd2 h5 37. g3 Kg6 38. Kf2 h4 39. Kg2 hxg3 40.
hxg3 Be7 41. Kf2 Bd6 42. Bc3 Kf7 1/2-1/2